000 00265nam a22001097a 4500
008 180806b xxu||||| |||| 00| 0 eng d
082 _a813.52
245 _aSumilations for American Government
_cPrentice Hall
260 _c2003
300 _a1
_fCD
942 _2ddc
_cMX
999 _c46866
_d46866